000 01025cam a2200337 i 4500
001 3701518
003 OSt
005 20260525152803.0
008 791023t19791965oru b 001 0 eng
010 _a 79088530
020 _a0930014332 :
_c$12.95
020 _a9780930014339
035 _a3701518
040 _aDLC
_cDLC
_dDLC
050 0 0 _aBS1665
_b.F4 1979
082 0 0 _a224/.98/077
100 1 _aFeinberg, Charles Lee.
245 1 0 _aGod remembers :
_ba study of Zechariah /
_cby Charles L. Feinberg.
250 _a4th ed.
260 _aPortland, Or. :
_bMultnomah Press,
_c1979, c1965.
300 _aviii, 229 p. ;
_c23 cm.
336 _atext
_btxt
_2rdacontent
337 _aunmediated
_bn
_2rdamedia
338 _avolume
_bnc
_2rdacarrier
500 _aIncludes index.
504 _aBibliography: p. 227-229.
630 0 0 _aBible.
_pZechariah
_xCommentaries.
906 _a7
_bcbc
_corignew
_d2
_eopcn
_f19
_gy-gencatlg
942 _2lcc
_cBK
999 _c21640
_d21639